000 01149nam a22003017a 4500
001 7465
003 FISKH
005 20250717153126.0
008 250717b cb ||||| |||| 00| 0 eng d
020 _a9780545227759
040 _aFISKH
_beng
_cFISKH
_dFISKH
050 _aPZ7 .T339
082 _a853.914
100 _aStilton, Thea
245 _aBig trouble in the big apple /
_cBy Thea Stilton
250 _aFirst printing , September 2011
260 _aNew York :
_bScholastic ,
_c2007.
300 _a156 pages :
_bcolor illustrations ;
_c20 cm .
490 _aThea Stilton
_v8
505 _aR
520 _a"The Thea Sisters travel to New York to cheer for Nicky as she runs the Big Apple Marathon. While there, they visit Pamela's family and have a delicious dinner at the family's pizzeria. But when someone threatens to burn the restaurant down, can the Thea Sisters catch the troublemaker and solve the mystery?"--P. [4] of cover.
521 8 _a720
_bLexile
521 8 _aR
_bRaz-Plus
650 _aStilton Series
_vFiction
700 _aBattan, Alessandro
_eIllustraor
942 _2ddc
_cBK
_n0
999 _c7465
_d7465